000 01068nam a22003137a 4500
001 BR9800881
003 BR-BrBNA
005 20230928095823.0
007 ta
008 230509b bl.||||| |||| 00| 0 por d
040 _aBR-BrBNA
_bpor
_cBiblioteca Nacional de Agricultura
041 _a(Por)
072 _aU40; U10
090 _ U40 BR9800881
100 1 _aMadruga, J.L.
110 1 _aInstituto Nacional de Pesquisas Espaciais, Sao Jose dos Campos, SP (Brasil)
_0Tese (Mestrado em Sensoriamento Remoto)
245 1 _aDiferencas relativas no desempenho de algoritmos de correcao atmosferica e bio-opticos para o processamento de imagens CZCS no oceano atlantico sudoeste
260 3 _aSao Jose dos campos, SP (Brasil):
_c1997.
300 _a143 p.
500 _aSummaries (Eng, Por); Bibliography p. 103-110; 49 illus.; 6 tables
650 _aOceano
650 _aPigmento
650 _aBiomassa
650 _aFitoplancton
650 _aSensoriamento Remoto
650 _aModelo Matematico
909 _a202309
_bLucia
_c55
_dLucia Elande
942 _cBK
999 _c58836
_d58836